Normal view
MARC view
- Bruegge, Bernd
Entry Personal Name
001 - CONTROL NUMBER
- control field: 94620
003 - CONTROL NUMBER IDENTIFIER
- control field: NUST
005 - DATE AND TIME OF LATEST TRANSACTION
- control field: 20220722152929.0
008 - FIXED-LENGTH DATA ELEMENTS
- fixed length control field: 220722|| aca||aabn | a|a d
040 ## - CATALOGING SOURCE
- Original cataloging agency: NUST
- Transcribing agency: NUST
100 ## - HEADING--PERSONAL NAME
- Personal name: Bruegge, Bernd
670 ## - SOURCE DATA FOUND
- Source citation: Work cat.: (NUST)211205: Bruegge, Bernd, Object -Oriented Software Engineering , 2014
